000 00514cam a22002051 4500
001 sa 67002085
003 DLC
005 20260227112328.0
008 850426s1959 ii ae 000 0 eng
010 _asa 67002085
025 _aPL480:I-E-6884
035 _a(OCoLC)11967501
040 _aDLC
_cCLU
_dDLC
042 _apremarc
050 0 0 _aAM101
_b.I455 1959
110 2 _aIndian Museum.
245 1 0 _aGeneral guide book.
260 _a[Calcutta]
_c1959.
300 _a1 v. (unpaged)
_billus., plans.
_c28 cm.
999 _c73034
_d73034